English Football Clubs That Have Played in a Major European Final - Statistics

General Stats
  • This quiz has been taken 2,220 times
  • The average score is 14 of 17
Answer Stats
Clubs % Correct
Arsenal
99%
Manchester City
99%
Manchester United
99%
Chelsea
98%
Liverpool
97%
Tottenham Hotspur
95%
Aston Villa
93%
West Ham United
88%
Newcastle United
86%
Everton
85%
Nottingham Forest
85%
Leeds United
79%
Fulham
76%
Wolverhampton Wanderers
76%
Ipswich Town
60%
Birmingham City
55%
Middlesbrough
51%
No matching quizzes found
Score Distribution
Percent of People with Each Score
Percentile by Number Answered
Your Score History
You have not taken this quiz